Mười cuộc cải cách, đổi mới lớn trong lịch sử Việt Nam

Na minha lista:
Detalhes bibliográficos
Autor principal: Văn, Tạo
Formato: Livro
Idioma:Undetermined
Publicado em: H. Đại học Sư phạm 2006
Assuntos:
Acesso em linha:http://lrc.tdmu.edu.vn/opac/search/detail.asp?aID=2&ID=6417
Tags: Adicionar Tag
Sem tags, seja o primeiro a adicionar uma tag!
Thư viện lưu trữ: Trung tâm Học liệu Trường Đại học Thủ Dầu Một
LEADER 00732nam a2200193Ia 4500
001 TDMU_6417
008 210410s9999 xx 000 0 und d
082 |a 959.7007 
090 |b V115 
100 |a Văn, Tạo 
245 0 |a Mười cuộc cải cách, đổi mới lớn trong lịch sử Việt Nam 
245 0 |c Văn Tạo 
260 |a H. 
260 |b Đại học Sư phạm 
260 |c 2006 
300 |a 394tr. 
650 |a Chính sách Nhà nước; Lịch sử,Lịch sử Việt Nam; Cải cách; Cải cách xã hội; Đổi mới 
856 |u http://lrc.tdmu.edu.vn/opac/search/detail.asp?aID=2&ID=6417 
980 |a Trung tâm Học liệu Trường Đại học Thủ Dầu Một